000 00304nam a22001337a 4500
020 _a817826572-9
082 _a001
_bNEW/Q
100 _aNEWMANN, JIM T
245 _aQUIZ BOOK OF SCIENCE
260 _aDELHI
_bROHAN BOOK COMPANY
_c2004
300 _a160
650 _aGENERAL KNOWLEDGE
_zINDIA
942 _cBK
999 _c6599
_d6599